[Event "Aktobe Dvorkovich op-A"]
[Site "Aktobe"]
[Date "2025.06.28"]
[Round "7"]
[White "Agmanov, Zhandos"]
[Black "Orozbaev, Eldiar"]
[Result "1/2-1/2"]
[WhiteElo "2481"]
[BlackElo "2367"]
[PlyCount "120"]
[EventDate "2025.06.22"]
[EventType "swiss"]
[EventRounds "9"]
[EventCountry "KAZ"]
[SourceTitle "CB27_2025"]
[SourceDate "2025.07.02"]
[SourceVersion "1"]
[SourceVersionDate "2025.07.02"]
[SourceQuality "1"]

1. e4 c5 2. Nf3 Nc6 3. Nc3 g6 4. Bb5 Bg7 5. 0-0 Nd4 6. Nxd4 cxd4 7. Ne2 Nf6 8. d3 0-0 9. Ba4 d5 10. e5 Nd7 11. Bxd7 Bxd7 12. Nxd4 Bxe5 13. Nf3 Bg7 14. d4 Bg4 15. c3 f6 16. h3 Bxf3 17. Qxf3 e5 18. dxe5 fxe5 19. Qd3 Rf5 20. Be3 e4 21. Qb5 Qe7 22. Rad1 Qf7 23. Qb3 h5 24. Rd2 Kh7 25. Rfd1 Rd8 26. Qc2 b5 27. a4 a6 28. axb5 axb5 29. Ra1 Rd7 30. Qb3 g5 31. Qd1 Qg6 32. Ra5 g4 33. hxg4 hxg4 34. Rxb5 Qh5 35. c4 Be5 36. Rdxd5 Rxd5 37. Rxd5 Qh2+ 38. Kf1 Qh1+ 39. Ke2 Qxg2 40. Rd7+ Kg6 41. Qd5 Qf3+ 42. Kf1 Qh1+ 43. Ke2 Qf3+ 44. Kd2 Bc3+ 45. Kxc3 Rxd5 46. Rxd5 Kf6 47. Rg5 Qe2 48. c5 Ke6 49. b3 Qe1+ 50. Kc4 Qe2+ 51. Kb4 Qe1+ 52. Kb5 Qc3 53. Ka4 Qa1+ 54. Kb4 Qe1+ 55. Kb5 Qc3 56. b4 Qd3+ 57. Kb6 Qd8+ 58. Kb7 Qd7+ 59. Kb6 Qd8+ 60. Kb5 Qd3+ 1/2-1/2

[Event "WchT Blitz Pool D"]
[Site "London"]
[Date "2025.06.14"]
[Round "10.4"]
[White "Agmanov, Zhandos"]
[Black "Badacsonyi, Frankie"]
[Result "1-0"]
[WhiteElo "2481"]
[BlackElo "2189"]
[PlyCount "115"]
[EventDate "2025.06.14"]
[EventType "team-tourn"]
[EventRounds "13"]
[EventCountry "ENG"]
[SourceTitle "CB25_2025"]
[SourceDate "2025.06.18"]
[SourceVersion "1"]
[SourceVersionDate "2025.06.18"]
[SourceQuality "1"]
[WhiteTeam "Barys.kz"]
[BlackTeam "English Knightmares"]
[WhiteTeamCountry "KAZ"]
[BlackTeamCountry "ENG"]

1. e4 e6 2. d4 d5 3. Nc3 Nf6 4. e5 Nfd7 5. f4 c5 6. Nf3 Nc6 7. Be3 a6 8. Ne2 Qb6 9. Qc1 cxd4 10. Nexd4 Nxd4 11. Bxd4 Bc5 12. c3 Nb8 13. Qd2 Nc6 14. Bxc5 Qxc5 15. Qf2 Qxf2+ 16. Kxf2 Bd7 17. Rd1 Ke7 18. Bd3 Rac8 19. Rhe1 Na5 20. Nd4 Nc6 21. Nb3 Rc7 22. Bb1 Na7 23. Rd4 Rhc8 24. h4 h6 25. Re3 Rc4 26. Rg3 Kf8 27. h5 Nb5 28. Rxc4 Rxc4 29. Rf3 Rc7 30. Rd3 Na7 31. g3 Bb5 32. Rd2 Ke7 33. Nd4 Nc6 34. Nb3 Nb8 35. Bd3 Bxd3 36. Rxd3 Nd7 37. Nd2 Rc6 38. g4 Nc5 39. Rd4 Rb6 40. b3 Nd7 41. Ke3 f6 42. exf6+ gxf6 43. c4 dxc4 44. Rxc4 Rc6 45. Rxc6 bxc6 46. Nc4 Nc5 47. Kd4 Nb7 48. b4 Kd7 49. a4 Nd6 50. Nd2 Nf7 51. Ne4 Ke7 52. Nc5 e5+ 53. Ke3 exf4+ 54. Kxf4 Ne5 55. Nxa6 Ke6 56. Nc5+ Kd5 57. a5 Nc4 58. Kf5 1-0

[Event "KAZ-ch"]
[Site "Astana"]
[Date "2025.05.30"]
[Round "11"]
[White "Akhmedinov, Satbek"]
[Black "Agmanov, Zhandos"]
[Result "0-1"]
[WhiteElo "2392"]
[BlackElo "2480"]
[PlyCount "112"]
[EventDate "2025.05.21"]
[EventType "tourn"]
[EventRounds "13"]
[EventCountry "KAZ"]
[EventCategory "7"]
[SourceTitle "CB24_2025"]
[SourceDate "2025.06.11"]
[SourceVersion "1"]
[SourceVersionDate "2025.06.11"]
[SourceQuality "1"]

1. e4 c6 2. d4 d5 3. e5 Bf5 4. h4 h5 5. Bg5 Qb6 6. Bd3 Bxd3 7. Qxd3 Qa6 8. Qh3 e6 9. Nc3 Nd7 10. Nge2 Ne7 11. 0-0 Nf5 12. a3 Be7 13. Bxe7 Kxe7 14. Rad1 Rag8 15. Ng3 g6 16. Nce2 Nxh4 17. Qxh4+ g5 18. Qh2 h4 19. Rd3 hxg3 20. Qxg3 Qb6 21. b4 f5 22. exf6+ Nxf6 23. Re3 Rh6 24. f3 Qd8 25. Re1 Qd6 26. Re5 Rhg6 27. Qh3 Nd7 28. Re3 Kd8 29. g4 Nb6 30. Kg2 Nc4 31. Rd3 Rf6 32. Ng3 Kc8 33. Nh5 Rf7 34. Qg3 Qxg3+ 35. Kxg3 Kd7 36. a4 Rgf8 37. Kg2 a5 38. bxa5 Ra8 39. Rb3 Kd6 40. Kg3 Rxa5 41. f4 gxf4+ 42. Nxf4 e5 43. dxe5+ Nxe5 44. Rbe3 Rxa4 45. Rxe5 Rfxf4 46. Re6+ Kc5 47. Rg6 Rfc4 48. Re7 b5 49. Rc7 Kb6 50. Rd7 Rc3+ 51. Kh4 Rxc2 52. Rgg7 Kc5 53. Rb7 Re4 54. Rg6 d4 55. Kg5 d3 56. Kf5 Rd4 0-1

[Event "KAZ-ch"]
[Site "Astana"]
[Date "2025.05.24"]
[Round "5"]
[White "Suleimen, Ergali"]
[Black "Agmanov, Zhandos"]
[Result "1/2-1/2"]
[WhiteElo "2302"]
[BlackElo "2480"]
[PlyCount "51"]
[EventDate "2025.05.21"]
[EventType "tourn"]
[EventRounds "13"]
[EventCountry "KAZ"]
[EventCategory "7"]
[SourceTitle "CB24_2025"]
[SourceDate "2025.06.11"]
[SourceVersion "1"]
[SourceVersionDate "2025.06.11"]
[SourceQuality "1"]

1. e4 c6 2. Nc3 d5 3. Nf3 dxe4 4. Nxe4 Nf6 5. Qe2 Nxe4 6. Qxe4 Nd7 7. Bc4 Nf6 8. Ne5 e6 9. Qe2 b5 10. Bb3 Qc7 11. d4 Bd6 12. 0-0 0-0 13. Bf4 a5 14. a3 Nd5 15. Bg3 f5 16. f3 f4 17. Bf2 c5 18. c3 c4 19. Bc2 Bxe5 20. Qxe5 Qxe5 21. dxe5 Bb7 22. Be4 Rfb8 23. Bc5 Rc8 24. Bd4 Bc6 25. Kf2 Ne7 26. Bc5 1/2-1/2

[Event "Asia-ch Blitz"]
[Site "Al Ain"]
[Date "2025.05.10"]
[Round "8"]
[White "Begmuratov, Khumoyun"]
[Black "Agmanov, Zhandos"]
[Result "1/2-1/2"]
[WhiteElo "2461"]
[BlackElo "2480"]
[PlyCount "135"]
[EventDate "2025.05.10"]
[EventType "swiss (blitz)"]
[EventRounds "9"]
[EventCountry "UAE"]
[SourceTitle "CB20_2025"]
[SourceDate "2025.05.14"]
[SourceVersion "1"]
[SourceVersionDate "2025.05.14"]
[SourceQuality "1"]

1. e4 c5 2. Nf3 d6 3. Bb5+ Bd7 4. Bxd7+ Nxd7 5. 0-0 e6 6. Qe2 Be7 7. c3 Ngf6 8. d4 0-0 9. e5 Ne8 10. Bf4 cxd4 11. cxd4 Nb6 12. Nc3 Nc7 13. Rac1 Ncd5 14. Bg3 dxe5 15. dxe5 Rc8 16. Ne4 Qd7 17. a3 Rxc1 18. Rxc1 Rc8 19. Rd1 Qa4 20. Nd4 Qc4 21. Qg4 f5 22. exf6 Nxf6 23. Nxf6+ Bxf6 24. b3 Qd5 25. Nxe6 Qxb3 26. Nf4 Qc4 27. Qf3 Qc6 28. Qb3+ Qc4 29. Qf3 Qc6 30. Qg4 Qc4 31. h4 Re8 32. h5 h6 33. Qg6 Qe4 34. Qxe4 Rxe4 35. Ng6 Kf7 36. Bb8 Ra4 37. Rc1 Nd7 38. Rc7 Ke6 39. Rxb7 Nxb8 40. Rxb8 Rxa3 41. Re8+ Kd7 42. Ra8 Bd4 43. g4 Ra2 44. Rf8 a5 45. Kg2 a4 46. Rf7+ Kd6 47. Kg3 Bxf2+ 48. Kf3 Bd4 49. Ke4 Bf6 50. Ra7 a3 51. Ra6+ Kc5 52. Nf4 Ra1 53. Nd3+ Kb5 54. Ra8 Bb2 55. Rb8+ Kc4 56. Nxb2+ axb2 57. Rxb2 Rg1 58. Kf5 Rf1+ 59. Kg6 Rg1 60. Kf5 Rf1+ 61. Kg6 Rg1 62. Kf5 Rf1+ 63. Ke4 Rg1 64. Kf3 Rf1+ 65. Ke3 Rg1 66. Kf4 Rf1+ 67. Ke5 Rg1 68. Kf5 1/2-1/2

[Event "Asia-ch"]
[Site "Al Ain"]
[Date "2025.05.07"]
[Round "1"]
[White "Abu Azizah, Raji"]
[Black "Agmanov, Zhandos"]
[Result "1/2-1/2"]
[WhiteElo "2182"]
[BlackElo "2480"]
[PlyCount "72"]
[EventDate "2025.05.07"]
[EventType "swiss"]
[EventRounds "9"]
[EventCountry "UAE"]
[SourceTitle "CB21_2025"]
[SourceDate "2025.05.21"]
[SourceVersion "1"]
[SourceVersionDate "2025.05.21"]
[SourceQuality "1"]

1. e4 c5 2. Nf3 d6 3. d4 cxd4 4. Nxd4 Nf6 5. Nc3 a6 6. Be2 e5 7. Nb3 Be7 8. g4 h6 9. Be3 Be6 10. Rg1 Nc6 11. h4 d5 12. exd5 Nxd5 13. Nxd5 Bxd5 14. h5 0-0 15. Qd2 Rc8 16. Rd1 Bxb3 17. axb3 Bg5 18. Bxg5 hxg5 19. c3 Qf6 20. Qd7 Na5 21. b4 Nc4 22. Rg3 Nxb2 23. Rb1 Nc4 24. Rf3 Qc6 25. Qf5 e4 26. Rh3 Qf6 27. Qxe4 Rfe8 28. Qf3 Qe6 29. Rd1 Nb2 30. Rd2 Na4 31. Qxb7 Rxc3 32. Rxc3 Nxc3 33. Qf3 Qb3 34. Kf1 Qb1+ 35. Kg2 Nxe2 36. Rxe2 Qxb4 1/2-1/2

[Event "Almaty zt 3.4"]
[Site "Almaty"]
[Date "2025.04.05"]
[Round "4"]
[White "Agmanov, Zhandos"]
[Black "Begmuratov, Khumoyun"]
[Result "1-0"]
[WhiteElo "2470"]
[BlackElo "2435"]
[PlyCount "87"]
[EventDate "2025.04.02"]
[EventType "swiss"]
[EventRounds "9"]
[EventCountry "KAZ"]
[SourceTitle "CB15_2025"]
[SourceDate "2025.04.09"]
[SourceVersion "1"]
[SourceVersionDate "2025.04.09"]
[SourceQuality "1"]

1. e4 e5 2. Nf3 Nc6 3. Bb5 Nf6 4. d3 Bc5 5. 0-0 Nd4 6. Nxd4 Bxd4 7. Ba4 0-0 8. c3 Bb6 9. Bg5 h6 10. Bh4 d6 11. h3 g5 12. Bg3 Kg7 13. Na3 Nh7 14. Nc4 f5 15. exf5 Bxf5 16. d4 exd4 17. Nxb6 axb6 18. Qxd4+ Qf6 19. Bb3 Qxd4 20. cxd4 Rad8 21. Rae1 Rd7 22. Re3 Nf6 23. Rfe1 d5 24. Be5 Bg6 25. h4 c6 26. g4 Kg8 27. h5 Bh7 28. f3 Kf7 29. Kf2 Re8 30. Ke2 Rde7 31. Kd2 Rd7 32. a3 Ree7 33. Rf1 Re6 34. f4 Nxg4 35. fxg5+ Ke7 36. Bf6+ Kd6 37. Rxe6+ Kxe6 38. Bd1 Bf5 39. Bxg4 Bxg4 40. gxh6 Bh3 41. Rf4 Rf7 42. Bg7 Rxf4 43. h7 Rf2+ 44. Ke3 1-0

[Event "Prague op"]
[Site "Prague"]
[Date "2025.02.28"]
[Round "2"]
[White "Agmanov, Zhandos"]
[Black "Narr, Kevin"]
[Result "1-0"]
[WhiteElo "2469"]
[BlackElo "2130"]
[PlyCount "29"]
[EventDate "2025.02.27"]
[EventType "swiss"]
[EventRounds "9"]
[EventCountry "CZE"]
[SourceTitle "CB11_2025"]
[SourceDate "2025.03.12"]
[SourceVersion "1"]
[SourceVersionDate "2025.03.12"]
[SourceQuality "1"]

1. e4 e5 2. Nf3 Nf6 3. Nxe5 d6 4. Nf3 Nxe4 5. Nc3 Nxc3 6. dxc3 Be7 7. Bf4 Nd7 8. Qd2 0-0 9. 0-0-0 Re8 10. h4 h6 11. Bc4 Nb6 12. Bd3 Be6 13. Bxh6 gxh6 14. Qxh6 Bf6 15. Rh3 1-0